000 00653nam a2200193Ii 4500
003 JO-AjNU
008 230605s9999||||xx |||||||||||||| ||und||
040 _aJO-AjNU
_bara
_erda
_cJO-AjNU
041 _aara
050 1 4 _aHF 5655 .A7. I85 1980z
100 3 _aتأليف: اسماعيل، محمد علي احمد,
_eauthor
_917653
245 0 0 _aالمحاسبة المالية في المنشآت والاقسام والفروع
264 3 1 _aد.م: د.ن، 1980z
300 _a101ص
336 _atext
_btxt
_2rdacontent
337 _aunmediated
_bn
_2rdamedia
338 _avolume
_bnc
_2rdacarrier
650 4 _aالمحاسبة المالية
_917654
999 _aA5499
_c9067
_d9067